Регионална библиотека "Любен Каравелов" - Русе

High Tide (Запис номер 181260)

MARC детайли
000 -Лидер
Контролно поле с фиксирана дължина 01371nam a2200385 c 4500
003 - Код на организацията, давaща контролен номер
Контролно поле BLK
005 - Дата и час на последна редакция
Контролно поле 20250228005531.0
008 - Елементи от данни с фиксирана дължина
fixed length control field 180411b bul|||||r ||||||| ||bul||
010 ## - Наследен системен номер
LC control number KNG00190153000
020 ## - Международен стандартен номер на книга ISBN
Международен стандартен номер на книга ISBN 0-00-713940-3
-- издат.: Harper Perennial
020 ## - Международен стандартен номер на книга ISBN
Международен стандартен номер на книга ISBN 978-0007139408
-- издат.: Harper Perennial
040 ## - Източник на каталожния запис
Идентификатор на билиотеката - собственик на записа BLK
041 ## - Код за език
Код за езика на текст/звукозапис или на отделно заглавие Английски
Код за езика КДБФ Английски
072 #7 - Код за тематичната категория
Код организация bullib
Код за тематична категория Н5000
Текст Екология Н
080 ## - УДК
Текстов определител УДК Климатология - Климатически зони (степни, пустинни и т. н.), местен климат, синоптическа климатология и др.
УДК код - определител по УДК 551.58
УДК определител
УДК - код + определител 551.58
100 1# - Редна дума - Автор
Автор Lynas, Mark
Авторска отговорност първи автор
R(LIN) 17414
139 ## - Редно поле
Редна дума Lynas, Mark
Авторски знак Ly - L 99
245 10 - Сведения за заглавието
Заглавие High Tide
Редно поле (дума) Mark Lynas.
257 ## - Страна на издаване
Страна на създаване/издаване България
260 ## - Област на издателските данни
-- London
Име на издателя, разпространителя и проч. Harper Perennial
Година на издаване 2005
300 ## - Физическа характеристика
Страници 349 p.
Размери/Мащаб 20 cm
380 ## - Жанр
Жанр Худож. лит.
650 #4 - Допълнително описание по предмет – тема
Основно описание – тема или топоним Климат - промени
9 (RLIN) 251573
650 #0 - Допълнително описание по предмет – тема
Основно описание – тема или топоним Глобални проблеми на човечеството
9 (RLIN) 270201
653 ## - Ключова дума – ненормативна
Ключова дума климат
653 ## - Ключова дума – ненормативна
Ключова дума околна среда
653 ## - Ключова дума – ненормативна
Ключова дума проблеми
659 ## - Тематичен бюлетин
Тематичен бюлетин Н
852 ## - Местоположение
Форматна сигнатура Цб 282141
856 4# - Електронен адрес и достъп
Електронен формат pdf - файл
Път до файла /url/
856 4# - Електронен адрес и достъп
Електронен формат pdf - файл
Път до файла /url/
942 ## - АРТИКУЛИ
Вид на библиотечния материал Книги
Скрит в OPAC Не
Koha issues (borrowed), all copies 1
944 ## - СЪЗДАВАНЕ И РЕДАКЦИЯ на ЗАПИСА
Създаване/Редакция Създаване
Дата на регистрацията/редакция 31.08.2016
Служител, извършил регистрацията/редакцията
Статус, дата на статуса CRON CRON
944 ## - СЪЗДАВАНЕ И РЕДАКЦИЯ на ЗАПИСА
Създаване/Редакция Редакция
Дата на регистрацията/редакция 01.08.2017
Служител, извършил регистрацията/редакцията Симона_Петрова
999 ## - СИСТЕМНИ КОНТРОЛНИ НОМЕРА
Koha biblionumber 181260
Koha biblioitemnumber 181260
Наличности
Код за отписване Код за изгубен артикул Код за повреда Коз за рестрикции Код за отдаване Артикулен № Име на библиотеката - собственик Име на библиотеката, в която се намира в момента Статус (Текущо местоположение) Дата на вписване в системата Местоположение - отдел Цена в лева Инвентарен номер Систематично азбучна сигнатура Баркод Номер на екземпляра Цена в евро Служебна бележка Служебен тип на артикула
  Не е изгубен Не е повреден без рестрикции заемане за дома 310520 Регионална библиотека "Любен Каравелов" Русе Регионална библиотека "Любен Каравелов" Русе Заемна - подръчен фонд 2016-08-30 Заемна - подръчен фонд 23.00 120000803532 П 551.5/L 99 120000803532 1 11.76 Дост: DA Вид: А N: 33 Дата: 30.08.2016 Дата инв: 02.02.2018 Бележки инв: П2018 Книги
Vip Innovations Ltd, Rousse, Bulgaria 2025